000 00447nam a22001817a 4500
003 MPLRDC
005 20220104113858.0
008 210129b ||||| |||| 00| 0 eng d
020 _a962-447-195-9
082 _a848.3 LFY v.17 c.2
100 _a梁凤仪著
245 _a抱拥朝阳
_c
260 _a
_b勤加缘出版社
_c
300 _b
490 _a梁凤仪小说系列;17
650 _a现代别集
942 _cBK
_o848.3 LFY v.17 c.2
999 _c3073
_d3063